The return of cultural treasures (Record no. 80207)
[ view plain ]
| 000 -LEADER | |
|---|---|
| fixed length control field | 00934nam a2200229 a 4500 |
| 008 - FIXED-LENGTH DATA ELEMENTS--GENERAL INFORMATION | |
| fixed length control field | 120416s1996 ||||||||||||||||| || u |
| 020 ## - INTERNATIONAL STANDARD BOOK NUMBER | |
| International Standard Book Number | 0521477468 |
| 050 ## - LIBRARY OF CONGRESS CALL NUMBER | |
| Classification number | CC 135 Gre |
| 100 ## - MAIN ENTRY--PERSONAL NAME | |
| Personal name | Greenfield, Jeanette |
| 245 14 - TITLE STATEMENT | |
| Title | The return of cultural treasures |
| 250 ## - EDITION STATEMENT | |
| Edition statement | 2nd ed. |
| 260 ## - PUBLICATION, DISTRIBUTION, ETC. | |
| Place of publication, distribution, etc. | Cambridge |
| Name of publisher, distributor, etc. | Cambridge University Press |
| Date of publication, distribution, etc. | 1996. |
| 300 ## - PHYSICAL DESCRIPTION | |
| Extent | xix, 351p. : ill. |
| 350 ## - | |
| -- | 0.00 |
| 500 ## - GENERAL NOTE | |
| General note | Bibliography. |
| 650 ## - SUBJECT ADDED ENTRY--TOPICAL TERM | |
| Topical term or geographic name entry element | CULTURE |
| 650 ## - SUBJECT ADDED ENTRY--TOPICAL TERM | |
| Topical term or geographic name entry element | RESTITUTION |
| 650 ## - SUBJECT ADDED ENTRY--TOPICAL TERM | |
| Topical term or geographic name entry element | CULTURAL PROPERTY--PROTECTION (INTERNATIONAL LAW) |
| 650 ## - SUBJECT ADDED ENTRY--TOPICAL TERM | |
| Topical term or geographic name entry element | CULTURAL PROPERTY--PROTECTION |
| 995 ## - | |
| -- | MAIN LIBRARY OPEN ACCESS |
| -- | 0.00 |
| -- | 727999 |
| -- | CBU-MAIN LIBRARY (Kitwe) |
| -- | 2 |
| -- | 45.00 |
| -- | CC 135 Gre |
| -- | 2 |
| -- | AVAILABLE |
| -- | Jun 14, 2006 |
| -- | 026346 |
| -- | Main Library Open Access Collection |
| 995 ## - | |
| -- | MAIN LIBRARY OPEN ACCESS |
| -- | 0.00 |
| -- | 727998 |
| -- | CBU-MAIN LIBRARY (Kitwe) |
| -- | 1 |
| -- | 45.00 |
| -- | CC 135 Gre |
| -- | 1 |
| -- | AVAILABLE |
| -- | Jun 14, 2006 |
| -- | 026386 |
| -- | Main Library Open Access Collection |
| 999 ## - | |
| -- | 80207 |
| -- | 80207 |
| Withdrawn status | Lost status | Source of classification or shelving scheme | Damaged status | Not for loan | Permanent Location | Current Location | Shelving location | Date acquired | Total Checkouts | Full call number | Barcode | Date last seen | Copy number | Price effective from | Koha item type |
|---|---|---|---|---|---|---|---|---|---|---|---|---|---|---|---|
| CBU-MAIN LIBRARY, KITWE. | CBU-MAIN LIBRARY, KITWE. | 06/29/2023 | CC 135 Gre | 026346 | 06/29/2023 | 1 | 06/29/2023 | MONOGRAPH | |||||||
| CBU-MAIN LIBRARY, KITWE. | CBU-MAIN LIBRARY, KITWE. | 06/29/2023 | CC 135 Gre | 026386 | 06/29/2023 | 2 | 06/29/2023 | MONOGRAPH |